<?xml version="1.0" encoding="UTF-8"?>
<marc:record xmlns:marc="http://www.loc.gov/MARC21/slim">
   <marc:leader>00000nam a2200000 a 4500</marc:leader>
   <marc:datafield ind1="1" ind2=" " tag="100">
      <marc:subfield code="a">Fröhlich, Andreas</marc:subfield>
   </marc:datafield>
   <marc:datafield ind1="1" ind2=" " tag="100">
      <marc:subfield code="a">Langreuter, Jutta</marc:subfield>
   </marc:datafield>
   <marc:datafield ind1="1" ind2=" " tag="100">
      <marc:subfield code="a">Langreuter, Jeremy</marc:subfield>
   </marc:datafield>
   <marc:datafield ind1="0" ind2="0" tag="245">
      <marc:subfield code="a">Der Schatz der Piratenkönige [Tonträger]</marc:subfield>
   </marc:datafield>
   <marc:datafield ind1="0" ind2="0" tag="245">
      <marc:subfield code="c">Vorlage: Jeremy Langreuter ; Jutta Langreuter ; Erzähler: Andreas Fröhlich</marc:subfield>
   </marc:datafield>
   <marc:datafield ind1=" " ind2="1" tag="264">
      <marc:subfield code="b">Sony Music Entertainment Germany GmbH.</marc:subfield>
      <marc:subfield code="c">2022</marc:subfield>
   </marc:datafield>
   <marc:datafield ind1="1" ind2=" " tag="490">
      <marc:subfield code="a">Käpt'n Sharky</marc:subfield>
   </marc:datafield>
   <marc:datafield ind1="1" ind2=" " tag="520">
      <marc:subfield code="a">Jaro ist entsetzt: Die Karte, die ihm den Weg zum Schatz der Piratenkönige zeigen soll, ist nass geworden und völlig unleserlich. Was für ein Glück, dass Käpt&#x92;n Sharky und seine Crew gerade zur Stelle sind. Gemeinsam machen sie sich auf die Suche. Als sie den Schatz aber endlich finden, stoßen sie auf einen alten Bekannten, der sich die Kostbarkeiten selbst unter den Nagel reißen will: Kapitän Ramirez! Ob Sharky ihn aufhalten kann? Ein neues spannendes Abenteuer, in dem Käpt'n Sharly und seine Freunde erfahren, dass Gold und Juwelen längst nicht der größte Schatz eines echten Piraten sind</marc:subfield>
   </marc:datafield>
   <marc:datafield ind1="0" ind2=" " tag="490">
      <marc:subfield code="v">0</marc:subfield>
   </marc:datafield>
   <marc:datafield ind1=" " ind2=" " tag="300">
      <marc:subfield code="a">1 CD - Audio (60 Minuten)</marc:subfield>
   </marc:datafield>
</marc:record>
